Jerome Bosch
Guardat en:
| Autor principal: | |
|---|---|
| Format: | Llibre |
| Idioma: | francès |
| Publicat: |
París
Pierre Tisne
1957
|
| Matèries: | |
| Etiquetes: |
Afegir etiqueta
Sense etiquetes, Sigues el primer a etiquetar aquest registre!
|
MARC
| LEADER | 00000nam a2200000 a 4500 | ||
|---|---|---|---|
| 001 | UCU8636 | ||
| 003 | CL-VaPUC | ||
| 008 | 960802e19570000FR |||||||||||||||||fre|d | ||
| 082 | 0 | 4 | |a 759.03 |b COM |2 21 |
| 100 | 0 | |a Combe, Jacques |e author |9 367944 | |
| 245 | 1 | 0 | |a Jerome Bosch |
| 300 | |a 103 p | ||
| 942 | |c BK | ||
| 945 | |d 19960802 00:00:00 |a rbrito | ||
| 260 | |a París |b Pierre Tisne |c 1957 | ||
| 600 | 0 | 7 | |a BOSCH, JEROME |2 CL-VaPUC |9 367945 |
| 650 | 0 | |a Pintura flamenca |9 319201 | |
| 650 | 7 | |a PINTORES FLAMENCOS |2 CL-VaPUC |9 367946 | |
| 650 | 0 | |a Crítica e interpretación |9 255042 | |
| 650 | 0 | |a Obras de arte |9 337253 | |
| 650 | 0 | |a Dibujo |9 260181 | |
| 651 | 7 | |a FLANDES |2 CL-VaPUC |9 347270 | |
| 583 | |a last modification |c 19960802 00:00:00 |k Rodrigo Vera | ||
| 999 | |c 250910 |d 250908 | ||
| 952 | |0 0 |1 0 |4 0 |6 759_030000000000000_COM_1957 |7 0 |8 A |9 269630 |a BIBARQ |b BIBARQ |d 2019-11-19 |i 3217302 |o 759.03 COM 1957 |p 3217302 |r 2025-01-20 |w 2019-11-19 |y BK |k ARQ | ||